Quest : Listening and speaking
Quest Second Edition parallels and accelerates the process native-speaking students go through when they prepare for success in a variety of academic subjects. Quest helps students get "up to speed" in terms of both academic content and language skills..
Đã lưu trong:
| 主要作者: | |
|---|---|
| 格式: | 圖書 |
| 語言: | Undetermined |
| 出版: |
Boston
McGraw-Hill
2007
|
| 主題: | |
| 標簽: |
添加標簽
沒有標簽, 成為第一個標記此記錄!
|
| Thư viện lưu trữ: | Trung tâm Học liệu Trường Đại học Cần Thơ |
|---|
| LEADER | 01072nam a2200241Ia 4500 | ||
|---|---|---|---|
| 001 | CTU_194925 | ||
| 008 | 210402s9999 xx 000 0 und d | ||
| 020 | |c 239000 | ||
| 082 | |a 428.34 | ||
| 082 | |b B644l/B.1 | ||
| 100 | |a Blass, Laurie | ||
| 245 | 0 | |a Quest : | |
| 245 | 0 | |b Listening and speaking | |
| 245 | 0 | |c Laurie Blass, Pamela Hartmann | |
| 260 | |a Boston | ||
| 260 | |b McGraw-Hill | ||
| 260 | |c 2007 | ||
| 520 | |a Quest Second Edition parallels and accelerates the process native-speaking students go through when they prepare for success in a variety of academic subjects. Quest helps students get "up to speed" in terms of both academic content and language skills.. | ||
| 650 | |a English language,English language,Tiếng Anh,Tiếng Anh | ||
| 650 | |x Textbooks for foreign speakers,Spoken English,Problems, exercises, etc.,Giáo trình dành cho người nước ngoài,Tiếng Anh giao tiếp,Bài tập và bài giải | ||
| 904 | |i Trọng Hải | ||
| 915 | |a 400 | ||
| 980 | |a Trung tâm Học liệu Trường Đại học Cần Thơ | ||